[Event "Vandoeuvre op 11th"]
[Site "Vandoeuvre"]
[Date "2014.12.28"]
[Round "6"]
[White "Batsiashvili, Nino"]
[Black "Vovk, Yuri"]
[Result "1/2-1/2"]
[WhiteElo "2442"]
[BlackElo "2592"]
[Annotator "RR"]
[PlyCount "36"]
[EventDate "2014.12.26"]
[EventType "swiss"]
[EventRounds "9"]
[EventCountry "FRA"]
[SourceTitle "EXT 2017"]
[Source "ChessBase"]
[SourceDate "2016.10.25"]
[SourceVersion "1"]
[SourceVersionDate "2016.10.25"]
[SourceQuality "1"]

1. d4 {90} Nf6 2. c4 g6 3. Nc3 d5 4. Bg5 Bg7 (4... Ne4) 5. e3 (5. Bxf6 Bxf6 6.
cxd5 c6 (6... c5)) 5... c5 6. dxc5 Qa5 7. Bxf6 Bxf6 8. Qa4+ $5 $146 (8. Rc1 Na6
{Moskalenko,V (2555)-Svidler,P (2495) St Petersburg op 1993 1/2}) 8... Qxa4 9.
Nxa4 d4 10. exd4 Bxd4 11. Rd1 $1 Bg7 12. Ne2 Nc6 13. Nec3 $5 Bf5 14. Be2 Nd4
15. Bd3 Bxd3 16. Rxd3 O-O-O $132 17. Rd1 Nc2+ 18. Ke2 Nd4+ {Suite illisible et
nulle au 51ème coup} 1/2-1/2

[Event "Vandoeuvre op 11th"]
[Site "Vandoeuvre"]
[Date "2014.12.28"]
[Round "5"]
[White "Wirig, Anthony"]
[Black "Wagner, Dennis"]
[Result "0-1"]
[WhiteElo "2483"]
[BlackElo "2488"]
[Annotator "RR"]
[PlyCount "126"]
[EventDate "2014.12.26"]
[EventType "swiss"]
[EventRounds "9"]
[EventCountry "FRA"]
[SourceTitle "EXT 2017"]
[Source "ChessBase"]
[SourceDate "2016.10.25"]
[SourceVersion "1"]
[SourceVersionDate "2016.10.25"]
[SourceQuality "1"]

1. d4 {90} Nf6 2. c4 g6 3. Nc3 d5 4. Bg5 Bg7 5. Nf3 Ne4 6. Bf4 (6. cxd5 Nxg5 7.
Nxg5 e6 {[%cal Gd8g5,Ge6d5] La grande ligne}) 6... Nxc3 7. bxc3 c5 8. cxd5 Qxd5
9. e3 O-O 10. Be2 cxd4 11. cxd4 Qa5+ 12. Qd2 Nc6 {93 Les Noirs ont joué à
tempo l'ouverture} 13. Qxa5 Nxa5 14. O-O (14. Bc7 $142 $1 b6 (14... Nc6) 15.
Rc1 (15. O-O Bb7 16. Rfc1 Rfc8 17. Bb5 $14 {Varga,P (2330)-Palkovi,J (2410)
Budapest FS03 IM-A 1994 (6) 1-0}) 15... Bb7 16. Bb5 Bd5 17. Rc2) 14... Be6 {92}
(14... Bf5) 15. Rfc1 Rfc8 {91} 16. Nd2 Rxc1+ {91 joué encore à tempo} 17.
Rxc1 Bxa2 {74 Fin de la préparation des Noirs mais la position est encore
théorique} 18. Bf3 Nc6 {49} 19. Bxc6 $6 $146 (19. Ra1 e5 $1 {Argiroudis,S 
(2308)-Sedlak,N (2580) GRE-chT 39th 2011 (2.1) 0-1}) (19. Rc2) 19... bxc6 20.
Ra1 Bd5 {37} 21. Ra6 Kf8 22. f3 Ke8 23. Bc7 {[%csl Ra7][%cal Gc7b6]} Kd7 24.
Bb6 e5 $15 25. Rxa7+ Rxa7 26. Bxa7 {Les Blancs ont récupéré un P mais la
finale est un peu meilleure pour les Noirs car la paire de B est forte.} exd4
27. Bxd4 Bf8 28. Bc3 c5 {17} 29. Kf2 Kc6 30. Ke2 Kb5 31. Kd3 Bd6 32. g3 Be6 33.
Bf6 h5 34. Kc3 Bc7 $1 35. Kd3 Bb6 {[%cal Gb6e3,Gc5c4]} 36. Bc3 c4+ 37. Ke2 Ka4
$36 {[%cal Ga4a3,Ga3a2,Ga2b1,Gb1c2]} 38. e4 Bg1 39. Kf1 Bc5 40. Ke2 Bb4 41. Nb1
Bd6 {[%cal Gh5h4] 05 le reste de la partie va se jouer en zeitnot avec 30
secondes d'incrément} (41... Bxc3 $143 42. Nxc3+ Kb3 43. Kd2) 42. Nd2 Bc5 (
42... h4) 43. Ke1 Bb4 44. Nb1 Bd6 {Une répétition de position pour gagner du
temps avec l'incrément mais les Noirs jouent pour le gain.} 45. Nd2 g5 46. Ke2
h4 {[%csl Rh2][%cal Gh4h3,Gd6g3] Avec une sérieuse menace sur le P"h2"} 47. e5
Be7 48. Ne4 $6 {Perd le contrôle de la case "b3"} Kb3 $40 49. Kd2 Bd5 50. Nd6
h3 $1 $19 {[%csl Rd6][%cal Gf7f6]} 51. Nf5 Bf8 (51... Bd8) 52. Nd4+ Ka2 53. f4
gxf4 54. gxf4 Kb1 55. Ke3 Kc1 56. Bd2+ Kb2 57. Nb5 Bc5+ 58. Ke2 Bg1 59. Nc3 Be6
60. Nd1+ Kb3 61. Kf3 Bxh2 62. Nf2 c3 63. Bc1 Bg1 0-1

[Event "ESP-chT CECLUB Honor"]
[Site "Melilla"]
[Date "2011.11.21"]
[Round "1"]
[White "Dreev, Alexey"]
[Black "Dominguez Perez, Leinier"]
[Result "0-1"]
[WhiteElo "2710"]
[BlackElo "2712"]
[Annotator "RR"]
[PlyCount "160"]
[EventDate "2011.11.21"]
[EventType "team-tourn"]
[EventRounds "7"]
[EventCountry "ESP"]
[SourceTitle "CBM 146"]
[Source "ChessBase"]
[SourceDate "2012.01.18"]
[SourceVersion "1"]
[SourceVersionDate "2012.01.18"]
[SourceQuality "1"]
[WhiteTeam "Reverte Albox"]
[BlackTeam "Sestao"]
[WhiteTeamCountry "ESP"]
[BlackTeamCountry "ESP"]

1. d4 Nf6 2. c4 g6 3. Nc3 d5 4. e3 Bg7 5. Qb3 e6 6. Qa3 Nc6 7. Nf3 Bd7 8. cxd5
exd5 9. Bd2 Ne7 10. Qb3 Rb8 11. Ne5 O-O 12. Nxd7 Qxd7 13. Bd3 c6 14. Qa4 Ra8
15. Qc2 Nc8 16. O-O Nd6 17. f3 Nfe8 18. Be1 Nc7 19. Bg3 Ne6 20. Qa4 Rfd8 21.
Rad1 Qe7 22. Rfe1 a6 23. Qb4 b5 24. Kh1 a5 25. Qb3 Nc4 26. Qc2 Nb6 27. Ne2 Rac8
28. Nf4 Nxf4 29. exf4 Qd7 30. f5 Re8 31. Be5 Nc4 32. f4 Nd6 33. f6 Bf8 34. b3
Rcd8 35. Rc1 Rc8 36. Rcd1 Ne4 37. Bxe4 dxe4 38. Qxe4 Qd5 39. Rc1 a4 40. Re3 Bb4
41. Rc2 Red8 42. bxa4 bxa4 43. h3 Re8 44. Qd3 Bf8 45. Qc4 a3 46. Qxd5 cxd5 47.
Rec3 Rxc3 48. Rxc3 h5 49. h4 Ra8 50. Rb3 Rc8 51. Kh2 Kh7 52. Rb7 Kg8 53. Kh3
Rc3+ $6 (53... Rd8 54. Kg3 Rc8) 54. Kh2 Bh6 55. Ra7 Rd3 56. Ra5 Kh7 57. Ra8 Rc3
58. Bd6 Rc6 59. Bc5 $2 (59. Be5 Rc3 60. Ra7 $18) 59... Bxf4+ $11 60. g3 Bc1 61.
Be7 Rc2+ 62. Kh3 Rxa2 63. Bd6 $6 (63. Rf8 Bh6 64. Ra8 $17) 63... g5 $19 64.
hxg5 Bxg5 65. g4 hxg4+ 66. Kxg4 Bxf6 67. Ra5 Bxd4 68. Rxd5 Rg2+ 69. Kh3 a2 70.
Rxd4 a1=Q 71. Rh4+ Kg6 72. Kxg2 Qa2+ 73. Kg1 Qb1+ 74. Kh2 Qc2+ 75. Kh3 Qf5+ 76.
Kh2 Qf2+ 77. Kh3 Qf1+ 78. Kh2 Qe2+ 79. Kh3 Qe6+ 80. Rg4+ Kh5 0-1

[Event "Moscow Tal Memorial 6th"]
[Site "Moscow"]
[Date "2011.11.16"]
[Round "1"]
[White "Ivanchuk, Vassily"]
[Black "Svidler, Peter"]
[Result "1-0"]
[WhiteElo "2775"]
[BlackElo "2755"]
[Annotator "Ramirez Alvarez,A"]
[PlyCount "121"]
[EventDate "2011.11.16"]
[EventType "tourn"]
[EventRounds "9"]
[EventCountry "RUS"]
[EventCategory "22"]
[SourceTitle "CBM 146"]
[Source "ChessBase"]
[SourceDate "2012.01.18"]
[SourceVersion "1"]
[SourceVersionDate "2012.01.18"]
[SourceQuality "1"]
[TimeControl "6000+30"]

1. d4 Nf6 2. c4 g6 3. Nc3 d5 4. e3 Bg7 5. Qb3 {This is an unusual way of
handling the Grünfeld Defence, which is almost Svidler's only defence against
1. d4. However it is not without poison, as Ivanchuk shows.} e6 (5... c6) (5...
dxc4 {are two other ways of dealing with the pressure on d5, but they lead to
a completely different type of game.}) 6. Qa3 {You could say this is the
"point" of White's setup. Black can't castle for the time being, so he has to
solve that problem.} a5 {Svidler chooses a rather aggressive way of solving
the issue. The idea of a5 is to defend b4, allowing hiw b8 N to anchor himself
there.} (6... Nc6 7. Nf3 Ne7 {is Cheparinov's way of handling the position.})
7. Nf3 Nc6 8. Bd2 Nb4 9. Qa4+ $5 {This interesting check is Ivanchuk's
improvement on the position. The only other two logical moves had been tried
before.} (9. Rc1 {is quite logical, and had been tried by Ben Finegold against
Antal in the Chicago Open a few years ago. However it does not lead to any
type of advantage.}) (9. Qb3 {was Rombaldoni's choice, but it's just not as
accurate.}) 9... Bd7 {There is no other way to defend from the check.} (9...
Qd7 10. Nb5 $16) (9... c6 10. a3 $16) 10. Qb3 {The bishop find itself slightly
misplaced on d7. The main problem is that it is impeding the black Q from
guarding the d5 pawn. This means that a3 might be a threat, or would at least
force Black into giving up the centre with dxc4.} dxc4 $2 {I think this is the
beginning of Black's long term strategic problems. Svidler just had to be more
active.} (10... c5 $5 {is a very Grünfeld-like move. Not being an expert in
this defence I don't want to say that it goes with the spirit of the setup,
but it does look logical.} 11. a3 (11. dxc5 Rc8 12. a3 (12. cxd5 Rxc5 {and it
seems unlikely that White will be able to hold to his material.}) 12... Na6 $1
$15 {is the other point.}) 11... a4 $13 {is the point.}) 11. Bxc4 Bc6 12. a3
Nbd5 (12... Bxf3 13. gxf3 Nbd5 14. Qxb7 $16 {is 0 compensation.}) 13. Ne5 O-O
14. Nxc6 bxc6 {[%csl Ra5,Rc6,Rc7]} 15. Qc2 $14 {White has the pair of bishops
and a healthier pawn structure. He just needs to castle to complete
development, and has no glaring weaknesses. If this is not an opening success
I do not know what is.} Qe7 16. O-O c5 {Black manages to exchange one of the
doubled pawns, but his structural weaknesses remain.} 17. Ne2 $1 {Very
beautiful, precise play. Ivanchuk doesn't want to saddle himself with a target
on d4.} cxd4 18. Nxd4 c5 19. Nb5 Rfc8 20. Rfd1 (20. Rad1 {was a tad more
accurate, the idea is to answer} Ng4 {with} 21. Be2 {since now} Qh4 22. h3 {
is possible, which it isn't in the game.}) 20... Ng4 {An attempt for activity,
as Black lacks a clear plan.} 21. h3 Ne5 22. Be2 c4 23. Rac1 h5 {This is an
interesting point to look at the position. White has the pair of bishops and
has pressure on the c4 and a5 pawns. On the other hand, Black has a couple of
well placed Ns near the centre and can potentially put a lot of pressure on b2.
It seems logical then that White must force Black into slowly but surely
retreating. The best way to do this is by pushing out the centralised knights.
Ivanchuk tries to manoeuvre around before committing to e4, but I think this
gives Black too much freedom.} 24. Nc3 (24. e4 Rab8 25. Nd4 Nf6 26. Bc3 $1 $14
{White here is solidly maintaining his position while keeping his options open.
Black is slightly worse but still has a lot of play.} (26. Bxa5 Qb7 27. Bb4
Qxe4 $11 {and Black has good play.})) 24... Nb6 25. Ne4 Nd5 26. Nc3 Nb6 27. Ne4
Nd5 28. Be1 {Ivanchuk has shied away from committing to e4 at some point. This
has let Black have a couple of active pieces, but White's position remains
quite pleasant.} Rab8 {With the obvious threat of Rxb2. Ivanchuk protects
himself in the most obvious way possible, but things start getting murky.} 29.
Kh1 $6 (29. Nc3 Nb6 30. f4 $14) 29... Nd7 (29... Ng4 $1 {was surprisingly
interesting.} 30. Rb1 (30. hxg4 $2 Rxb2 {and White loses.}) 30... Ngxe3 (30...
Be5 $5 31. Nc3 Bxc3 $1 32. bxc3 Ne5 $11 {and Black is just fine. His Ns are at
least as powerful as those caged in Bs.}) 31. fxe3 Nxe3 32. Qc1 Nxd1 33. Bxd1
f5 34. Nc3 e5 {Of course, it is always hard to evaluate such a position. White
is temporarily passive, and the central pawns look quite mighty, but it is not
clear if that is enough to control the minor pieces. All results would be
possible from this position.}) 30. Rb1 Nc5 $2 {This strange move seems to
spoil the nice activity Svidler had achieved. The pawn can be taken without
consequence, which gives Ivanchuk a strong advantage.} (30... Ne5 31. Bxa5 Nd3
$1 {Not the easiest move to find, but it was necessary. It is the only way
Black can regain the pawns.} 32. Bxd3 $8 (32. b3 Nxf2+ $1 33. Nxf2 Nxe3 34. Qe4
Nxd1 35. Bxd1 (35. Rxd1 Qc5 36. Be1 cxb3 $19 {Black will swiftly gain material
for his advanced passed pawn.}) 35... Qxa3 $17 {and Black is definitely better.
}) 32... cxd3 33. Qxd3 Bxb2 34. a4 Qa7 {and Black regains all his pawns, with
obvious equality.}) 31. Bxc4 Nb6 32. Bb5 Nd5 33. a4 {White has an extra pawn
and although Black is still active, it's hard to believe this is full
compensation for the pawn. White's plan is now quite simple, he will untangle
and win with his extra pawn. Black doesn't have any targets so as to be able
to prevent this.} Na6 34. Qe2 Nab4 35. Rbc1 Rc7 36. Nc3 (36. Rxc7 Qxc7 37. Nc3
{was a better way of doing things I think, as Black doesn't get as much
pressure on the c-file.}) 36... Rbc8 37. Nxd5 exd5 38. Rxc7 Rxc7 {The position
has simplified a little, and it doesn't help Black at all. His best hope now
is that the blockade on the queenside holds without any additional damage.} 39.
b3 Bc3 40. Rc1 Qf6 41. Qf3 Qe5 42. Qg3 $1 {A beautiful concept. White
sacrifices his structure to simplify the position, thus depriving Black of all
his activity. Now the position becomes easier to handle.} Qxg3 43. fxg3 Be5 44.
Rxc7 Bxc7 45. Kg1 Nc2 46. Bd2 Bb6 47. Kf2 {The pair of bishops and the
activity of the king are too much for the black forces.} d4 48. e4 d3+ 49. Kf1
Ne3+ (49... Nb4 50. Bxb4 axb4 51. Bxd3 $18 {should be quite hopeless.}) 50. Ke1
Nxg2+ 51. Kd1 h4 (51... Ne3+ 52. Kc1 Nf1 53. Bf4 Bf2 54. Bxd3 Bxg3 55. Bxg3
Nxg3 56. b4 {and Black's forces are way too far away from the a-pawn.}) 52.
gxh4 Nxh4 53. b4 axb4 54. Bxb4 Nf3 55. a5 Bd4 56. Be7 {Ivanchuk chooses to aid
his pawn as quickly as possible, though Bxd3 should also suffice.} f5 57. exf5
gxf5 58. Bd8 Kf7 59. Bb6 Ke6 60. Bxd4 Nxd4 61. Bxd3 {Ns are particularly bad
at catching rook pawns because they end up far away from the rest of the board.
Especially if the rest of the board is another rook pawn. A very interesting
opening by Ivanchuk that paid great dividends, and although Svidler played a
strong game and maybe even had chances to equalise, one slip was enough for
him to lose. Ivanchuk's technique after winning the pawn in the middlegame was
absolutely flawless.} 1-0

[Event "Sitges Sunway op 3rd"]
[Site "Sitges"]
[Date "2016.12.17"]
[Round "2"]
[White "Nihal, Sarin"]
[Black "Lopez Martinez, Josep Manuel"]
[Result "1/2-1/2"]
[WhiteElo "2340"]
[BlackElo "2552"]
[Annotator "Soham,Datar"]
[PlyCount "68"]
[EventDate "2016.12.16"]
[EventType "swiss"]
[EventRounds "9"]
[EventCountry "ESP"]
[SourceTitle "EXT 2019"]
[Source "ChessBase"]
[SourceDate "2018.10.10"]
[SourceVersion "1"]
[SourceVersionDate "2018.10.10"]
[SourceQuality "1"]

1. d4 {[%emt 0:00:00]} Nf6 {[%emt 0:03:09]} 2. c4 {[%emt 0:00:00]} g6 {[%emt 0:
00:41]} 3. Nc3 {[%emt 0:00:00]} d5 {[%emt 0:00:25]} 4. Bg5 {[%emt 0:02:28]} Ne4
{[%emt 0:00:33]} 5. Bh4 {[%emt 0:00:23]} c5 {[%emt 0:00:33]} 6. cxd5 {[%emt 0:
00:29]} Nxc3 {[%emt 0:00:12]} 7. bxc3 {[%emt 0:00:06]} Qxd5 {[%emt 0:00:07]} 8.
e3 {[%emt 0:00:19]} cxd4 {[%emt 0:07:20]} 9. Qxd4 {[%emt 0:08:36]} Qxd4 {
[%emt 0:01:25]} 10. cxd4 {[%emt 0:00:06]} Bg7 {[%emt 0:04:49]} (10... e6 {
this is another plan to play with. Black tries to exchange White's better and
active bishop with his slight passive bishop. for example} 11. Rb1 Be7 12. Bxe7
Kxe7 13. Nf3 Nc6 14. Bd3 {playing with a healthy pawn structure and a good
bishop certainly favours White.}) 11. Nf3 {[%emt 0:03:05]} Nc6 {[%emt 0:00:51]}
12. Rb1 {[%emt 0:02:45]} b6 {[%emt 0:02:58]} 13. Bb5 $1 {[%emt 0:01:19]} Bd7 {
[%emt 0:00:32]} 14. Ke2 {[%emt 0:00:41] When there is a possibility of maximum
exchange of the pieces on the board , then the king should be kept in the
centre from which he can immediately take part in the endgame for futher
action.} Na5 {[%emt 0:17:34]} 15. Rhc1 $1 {Black hasn't castled yet and is
busy solving his problems of light sqaured bishop. So white has time to
develope his pieces and aim towards entering in Blacks territory.} Bxb5+ {
[%emt 0:03:31]} 16. Rxb5 {[%emt 0:02:47]} e6 {[%emt 0:12:43] We can see that
Black's h8-rook is not participating in the battle . Also the knight on a5 is
not impressive as it is awkwardly placed. Knight on the rim is bad!} 17. Rc7 $1
{[%emt 0:11:25] Rook on the 7th rank is always good. So whenever possible you
should try to occupy 7th rank as it exerts pressure on base of pawn chain and
limits oppoenent's activity.} O-O {[%emt 0:00:24]} 18. Rb1 {[%emt 0:00:06]
Improving the rook's position and getting ready to double the rooks on c-file.
Now White is much better here.} h6 {[%emt 0:04:29] Trying to kick off the
bishop from h4-d8 diagonal .} 19. Be7 $1 {[%emt 0:04:40]} Rfc8 {[%emt 0:00:50]}
20. Rbc1 {[%emt 0:00:06]} Rxc7 {[%emt 0:00:06]} 21. Rxc7 {[%emt 0:00:04]} b5 {
[%emt 0:00:16]} 22. Nd2 {[%emt 0:00:06] Improving the postion of knight and
preparing to place it on outpost c5 from which he has a greater scope of
action.} Bf8 {[%emt 0:00:37]} 23. Bxf8 {[%emt 0:00:09]} Kxf8 {[%emt 0:00:21]
However Black has been successful in minimizing the threats by White by
exchanging of the maximum pieces. Still I think that White's position is much
better due to the active positions of rook and knight is likely to occupy the
strong post on c5!} 24. Kd3 {[%emt 0:00:49] In the endgame the king is the
piece with which you can attack!} a6 {[%emt 0:00:33]} 25. Kc3 {[%emt 0:29:13]}
Rb8 {[%emt 0:00:30]} 26. Kb4 {[%emt 0:02:37]} (26. Ne4 $1 {is the best way to
play.} Nc4 (26... b4+ 27. Kb2 Rb6 28. Nc5 Ke8 29. Ra7 $18) 27. Ra7 a5 28. a4 $1
) 26... Nc4 {[%emt 0:00:29]} 27. Ne4 {[%emt 0:05:57]} a5+ {[%emt 0:04:07]} 28.
Kc5 {[%emt 0:02:26] White has achieved a great position.} Nb2 {[%emt 0:01:14]}
29. Ra7 {[%emt 0:00:59]} (29. Kc6) 29... a4 {[%emt 0:05:35]} 30. Nf6 {[%emt 0:
03:25] This gives Black chances to escape with a draw.} (30. a3 {followed by
Kb4-a5 was good to maintain the initiative} Nd3+ 31. Kc6 Rc8+ 32. Kxb5 Rc2 $16)
30... Nd3+ {[%emt 0:01:23]} 31. Kc6 {[%emt 0:00:23]} Kg7 {[%emt 0:00:23]} 32.
Nd7 {[%emt 0:00:06]} Nb4+ {[%emt 0:01:10]} 33. Kc5 {[%emt 0:00:06]} Nd3+ {
[%emt 0:00:12]} 34. Kc6 {[%emt 0:00:05]} Nb4+ {Good game by Nihal Sarin. It
shows that he has good understanding of positional concepts unlikely for a kid
of his age. He is truly a prodigy!} 1/2-1/2

[Event "St Petersburg op"]
[Site "St Petersburg"]
[Date "1993.??.??"]
[Round "3"]
[White "Popov, Valerij"]
[Black "Svidler, Peter"]
[Result "0-1"]
[WhiteElo "2340"]
[BlackElo "2495"]
[Annotator "Svidler,P"]
[PlyCount "80"]
[EventDate "1993.10.??"]
[EventType "swiss"]
[EventRounds "9"]
[EventCountry "RUS"]
[SourceTitle "CBM 037"]
[Source "ChessBase"]
[SourceDate "1993.12.01"]
[SourceVersion "1"]
[SourceVersionDate "1993.12.01"]
[SourceQuality "1"]

1. d4 Nf6 2. c4 g6 3. Bg5 Bg7 4. Nc3 d5 $5 5. Bxf6 Bxf6 6. cxd5 (6. Nxd5 Bg7 7.
e3 c5 8. Nf3 Nc6 $13) 6... c6 7. dxc6 Bxd4 8. cxb7 Bxb7 $44 9. e3 Bxc3+ 10.
bxc3 Qa5 11. Qc2 (11. Qd4 O-O 12. Qb4 Qc7 13. Nf3 (13. Rc1 Nc6 14. Qc5 Qb6 $1
15. Qb5 (15. Qxb6 axb6 $15) 15... Rfc8 16. Nf3 Nb4 $36) 13... Nc6 14. Qc5 Rfc8
15. Be2 Na5 16. Qxc7 Rxc7 17. Rc1 Rac8 {=/+/=}) 11... O-O 12. Ne2 (12. Rb1 $2
Rc8 $1 13. Ne2 (13. Rb5 $2 Rxc3 $1 14. Rxa5 (14. Qxg6+ $2 hxg6 15. Rxa5 Rc1+
$19) 14... Rxc2 $17) (13. Rxb7 Rxc3 14. Qd2 (14. Rb5 Rxe3+ 15. Kd1 Re1#) 14...
Rc1+ 15. Ke2 Qa6+ $19) 13... Bd5 $15) 12... Nd7 13. Rb1 (13. Nd4 Rac8 14. Rc1
Nf6 $36 {/\ Ne4; /\ Nd5}) (13. Ng3 Nc5 14. Rb1 Rfd8 15. Rb5 Qc7 $44) 13... Nc5
14. f3 (14. Rb4 Rac8 $1 15. Nd4 (15. Ng3 Ne4 $1 16. Nxe4 Qxb4 $19) 15... Ne4
16. Rb5 $8 Qc7 17. c4 Rfd8 $36) 14... Rab8 $1 (14... Rfd8 15. Nd4 e5 16. Nb3
$13) (14... e5 15. Kf2 $44) 15. Nd4 Bd5 16. Be2 (16. Kf2 $5 Rxb1 (16... Qxa2
17. Qxa2 Bxa2 18. Rxb8 Rxb8 19. Nc6 {=/+/=}) 17. Qxb1 e5 $1 18. Nc2 (18. Qb4
Qxa2+ $17) 18... Qxc3 19. Be2 Rc8 (19... e4 $5) 20. Rd1 Ne4+ $1 21. fxe4 Bxe4
$15) (16. Nb3 Nxb3 17. axb3 Rfc8 18. b4 Qa3 19. Qb2 Rxc3 20. Qxa3 Rxa3 $15)
16... Na4 17. Kd2 $6 (17. Kf2 $8 Nxc3 18. Rxb8 Rxb8 19. Rc1 Nxa2 20. Qc7 (20.
Ra1 e5 $1 21. Nc6 Qc7 $1 $15) 20... Qb6 $1 $15) 17... Rfc8 (17... e5 18. Rxb8 (
18. Bb5 exd4 19. Bxa4 dxc3+ 20. Ke2 Bc4+ 21. Kf2 Rxb1 22. Rxb1 Rd8 23. Rd1 Rxd1
24. Qxd1 Bxa2 $19) (18. Nb3 Bxb3 19. Rxb3 Rfd8+ 20. Bd3 Rxb3 21. axb3 e4 $1 $17
) 18... Rxb8 19. Nb3 Bxb3 20. axb3 Rd8+ 21. Bd3 (21. Ke1 Nxc3 22. Kf2 Rd2 23.
Qxd2 Ne4+ 24. fxe4 Qxd2 25. Rd1 $15) 21... e4 22. bxa4 (22. fxe4 Qg5 $1 $19)
22... Rxd3+ 23. Ke2 Rxc3 24. Qd2 $17) 18. Rxb8 Rxb8 19. Bb5 $8 (19. Nb3 Bxb3
20. axb3 Rd8+ (20... Qd5+ 21. Qd3 Qxb3 22. Rc1 $15) 21. Ke1 (21. Bd3 Qg5 $1 $19
) 21... Nxc3 22. Kf2 Rd2 23. Qxd2 Ne4+ 24. fxe4 Qxd2 $17 {a5,Qb4,e6,
Kg8-g7-f6-e5}) 19... Rxb5 20. Nxb5 Qxb5 $17 21. Rb1 Qc6 22. Qd3 (22. Rb8+ Kg7
23. Qd3 e5 $1 $17) 22... Nb6 23. Ke1 (23. e4 Bxa2 24. Ra1 Qe6 25. Qc2 Bb3 $19)
23... e5 $1 24. Rb2 (24. Rb5 Kg7 25. Ra5 Bc4 26. Qe4 Qxe4 27. fxe4 a6 28. Rxe5
Nd7 $1 29. Ra5 Kf6 $17) 24... Kg7 25. Rd2 Qa4 26. Qc2 Qh4+ 27. g3 Qg5 28. f4 (
28. Kf2 Qh5 $19) 28... exf4 29. exf4 Qe7+ 30. Re2 Qc5 31. Qd3 Qg1+ (31... Bc4
32. Qe3 $17) 32. Kd2 Qa1 $1 {/\ Nc4} 33. Qd4+ Kh6 34. Ke3 Nc4+ 35. Kf2 Qh1 $1
36. g4 Qxh2+ 37. Kf1 Qh1+ 38. Kf2 Qf3+ 39. Ke1 Qg3+ 40. Kf1 (40. Kd1 Qxg4 $1
$19 41. Qxd5 $140 Ne3+) 40... Bg2+ $1 (40... Bg2+ 41. Rxg2 (41. Kg1 Bf3+ $19)
41... Ne3+ $19) 0-1